000 00540nam a2200193Ia 4500
005 20260120131847.0
008 008 260114s9999 xx 000 0 eng d
020 _a9781383006261
037 _aEBOOK
040 _aCRL
_beng
_cCRL
041 _aeng
_2eng
084 _qCRL
100 _aCherry
_9932082
245 0 _aFrontier and Society in Roman North Africa
260 _bOxford University PressOxford University Press
_c2023
856 _uhttps://academic.oup.com/book/47020
942 _cEBOOK
999 _c1524004
_d1524004